[Event "ECU-ch U18 Girls"]
[Site "Riobamba"]
[Date "2023.04.12"]
[Round "1"]
[White "Nagua Valladares, Sonia Maileth"]
[Black "Buenano Silva, Antonella Salome"]
[Result "0-1"]
[WhiteElo "1092"]
[BlackElo "1425"]
[PlyCount "46"]
[EventDate "2023.04.12"]
[EventType "swiss"]
[EventRounds "9"]
[EventCountry "ECU"]
[SourceTitle "EXT 2024"]
[Source "ChessBase"]
[SourceDate "2023.10.10"]
[SourceVersion "1"]
[SourceVersionDate "2023.10.10"]
[SourceQuality "1"]

1. e4 d5 2. e5 Bf5 3. Nf3 e6 4. d4 c5 5. c3 Nc6 6. Be3 Qb6 7. b3 Bg4 8. Nbd2 cxd4 9. cxd4 Bb4 10. Be2 Bxf3 11. Bxf3 Bc3 12. Rc1 Bxd4 13. Nc4 Qb4+ 14. Bd2 Qe7 15. Nd6+ Kf8 16. Bc3 Bxc3+ 17. Rxc3 Nxe5 18. Rc8+ Rxc8 19. Nxc8 Qc7 20. Nxa7 Qa5+ 21. Qd2 Qxa7 22. Be2 Ne7 23. Qc3 N7c6 0-1

[Event "Preinscritos IRT Online"]
[Site "Chess.com INT"]
[Date "2020.12.26"]
[Round "9"]
[White "Mendoza Laaz, Jose Fredes"]
[Black "Buenano Silva, Antonella Salome"]
[Result "0-1"]
[WhiteElo "985"]
[BlackElo "1494"]
[PlyCount "94"]
[EventDate "2020.12.26"]
[EventType "swiss"]
[EventRounds "11"]
[EventCountry "ECU"]
[SourceTitle "CBM 200 Extra"]
[Source "ChessBase"]
[SourceDate "2021.03.31"]
[SourceVersion "1"]
[SourceVersionDate "2021.03.31"]
[SourceQuality "1"]

1. e4 e5 2. Nf3 Nc6 3. d4 exd4 4. Nxd4 Nxd4 5. Qxd4 d6 6. Nc3 Nf6 7. Bg5 Be7 8. 0-0-0 h6 9. Bh4 Bg4 10. f3 Bh5 11. Bb5+ c6 12. Ba4 Qc7 13. Rhe1 0-0-0 14. e5 dxe5 15. Qxe5 Bd6 16. f4 Bxe5 17. Rxe5 Rxd1+ 18. Nxd1 Bxd1 19. Kxd1 Qd6+ 20. Kc1 Nd7 21. Bb3 Nxe5 22. fxe5 Qxe5 23. Bxf7 Rf8 24. Bg6 Rf1+ 25. Kd2 Rg1 26. Bg3 Rxg2+ 27. Kc1 Qf6 28. Bh5 Qf1+ 29. Bd1 Rxg3 30. hxg3 g6 31. Kd2 Kd7 32. Bg4+ Kd6 33. Be2 h5 34. Bxf1 Ke5 35. Bd3 g5 36. Bg6 h4 37. Be8 hxg3 38. Bh5 g2 39. Bf3 g1Q 40. Be2 Qf2 41. Kd3 Kf4 42. c3 g4 43. b3 g3 44. a4 g2 45. b4 g1Q 46. b5 Qe3+ 47. Kc2 Qxe2+ 0-1

[Event "ECU-ch Schools U13 Girls Clas2"]
[Site "Chess.com INT"]
[Date "2020.11.20"]
[Round "4"]
[White "Toala Velez, Dayra Jamileth"]
[Black "Buenano Silva, Antonella Salome"]
[Result "0-1"]
[WhiteElo "1173"]
[BlackElo "1118"]
[PlyCount "130"]
[EventDate "2020.11.20"]
[EventType "swiss"]
[EventRounds "9"]
[EventCountry "ECU"]
[SourceTitle "CBM 199 Extra"]
[Source "ChessBase"]
[SourceDate "2021.01.31"]
[SourceVersion "1"]
[SourceVersionDate "2021.01.31"]
[SourceQuality "1"]

1. d4 d5 2. c4 e5 3. dxe5 d4 4. Nf3 Nc6 5. Bg5 Be7 6. Bxe7 Ngxe7 7. Nbd2 Bf5 8. Nb3 Ng6 9. Nbxd4 Nxd4 10. Qxd4 0-0 11. Qxd8 Raxd8 12. e3 Rfe8 13. Be2 Nxe5 14. Nxe5 Rxe5 15. Rd1 Rxd1+ 16. Kxd1 Re7 17. Kd2 Rd7+ 18. Kc3 h6 19. Rd1 Rxd1 20. Bxd1 Kf8 21. Bf3 b6 22. g3 Ke7 23. a3 Kd6 24. Kd4 c5+ 25. Kc3 Ke5 26. b4 Be6 27. Bb7 Bf5 28. bxc5 bxc5 29. a4 Be4 30. Bc8 a5 31. h4 Bc6 32. Kb3 Ke4 33. Ba6 Kf3 34. Bb5 Bb7 35. Be8 f6 36. Bf7 Kxf2 37. Bd5 Bc8 38. e4 Ke3 39. Kc3 Bd7 40. Kb3 Kf3 41. h5 Kxg3 42. Ka3 Kf4 43. Kb3 Kg5 44. Bb7 Kxh5 45. Ba6 Kg5 46. Bb5 Bc8 47. Kc3 Kf4 48. Kd3 h5 49. Be8 h4 50. e5 Kxe5 51. Bc6 h3 52. Bh1 f5 53. Ke3 f4+ 54. Kf3 g5 55. Kf2 g4 56. Kg1 g3 57. Bf3 Be6 58. Be2 Kd4 59. Kh1 Bxc4 60. Bf3 Bd3 61. Bg4 c4 62. Bxh3 c3 63. Bg4 c2 64. Kg2 c1Q 65. Kh3 Qh1# 0-1

[Event "Pan American-ch School U11 Girls"]
[Site "Medellin"]
[Date "2019.11.17"]
[Round "9.1"]
[White "Buenano Silva, Antonella Salome"]
[Black "Brito Carrascal, Isabela"]
[Result "1-0"]
[WhiteElo "1132"]
[BlackElo "1589"]
[PlyCount "81"]
[EventDate "2019.11.12"]
[EventType "swiss"]
[EventRounds "9"]
[EventCountry "COL"]
[SourceTitle "EXT 2024"]
[Source "ChessBase"]
[SourceDate "2023.10.10"]
[SourceVersion "1"]
[SourceVersionDate "2023.10.10"]
[SourceQuality "1"]

1. e4 c5 2. Nf3 e6 3. d4 cxd4 4. Nxd4 a6 5. c4 Qc7 6. Nc3 Nf6 7. Qc2 Be7 8. Be3 0-0 9. Be2 Rd8 10. 0-0 d5 11. cxd5 exd5 12. exd5 Nxd5 13. Nxd5 Qxc2 14. Nxe7+ Kf8 15. Nxc2 Kxe7 16. Rfd1 Nc6 17. Bf3 Ne5 18. Rxd8 Nxf3+ 19. gxf3 Kxd8 20. Rd1+ Ke7 21. Nd4 Bh3 22. f4 Rd8 23. f3 Ke8 24. Kf2 Rd6 25. Rg1 g6 26. Kg3 Bd7 27. Rc1 Rb6 28. b3 Rd6 29. Rc7 b5 30. Rc5 f6 31. h4 h6 32. f5 g5 33. hxg5 hxg5 34. f4 gxf4+ 35. Kxf4 Ke7 36. Ke4 Be8 37. Bf4 Rb6 38. Bc7 Rb7 39. Kd5 Bd7 40. Nc6+ Ke8 41. Kd6 1-0